| 000 | 00483cam a2200157ua 4500 | ||
|---|---|---|---|
| 041 |
_aeng _h |
||
| 082 |
_a291.13 _bTHO/EP |
||
| 100 | _aThomas, P . | ||
| 245 |
_aEpics,myths and legends of India: A comprehensive survey of the sacred lore of the Hindus, Buddists and Jains / _cP Thomas. _hTextual Documents |
||
| 260 |
_aMumbai : _bD B Taraporevala sons & Co. Pvt. Ltd. , _c1961. |
||
| 300 | _a210 ; . | ||
| 500 | _a**Reference | ||
| 504 | _a | ||
| 942 | _cBK | ||
| 999 |
_c3770 _d3770 |
||